Brunei : EIU country report :
| Format: | Book |
|---|---|
| Published: |
London:
The Economist Intelligence Unit,
2007.
|
| Subjects: |
| LEADER | 00425cam a2200133 7i4500 | ||
|---|---|---|---|
| 001 | 0000020198 | ||
| 005 | 20200817090000.0 | ||
| 090 | 0 | 0 | |a BRUN 330.9 |b BRU |
| 245 | 0 | 0 | |a Brunei : |b EIU country report : |b EIU country report : |b June 2007. |
| 260 | 0 | 0 | |a London: |b The Economist Intelligence Unit, |c 2007. |
| 300 | # | # | |a 14 p. |
| 650 | 0 | 0 | |a Brunei -- |x Country report |
| 651 | 0 | 0 | |a Brunei |
| 999 | |a B000020787 |b Book |c Countries |e Business Information Centre | ||